MARC

LEADER 00000nam0a2200000 4500
001 152895
005 20231101221644.0
010 |a 5703005000 
020 |a RU  |b 92-24685 
035 |a (RuTPU)RU\TPU\book\165783 
090 |a 152895 
100 |a 20090206d1992 m y0rusy5003 ca 
101 0 |a rus 
102 |a RU 
105 |a a z 000ay 
200 1 |a Чесма  |e историческое повествование  |f В. В. Шигин  |g грав. худож. В. В. Кобзева 
210 |a Москва  |c Патриот  |d 1992 
215 |a 421 с.  |c ил.  |d 21 см 
600 1 |a Зотов  |b К. Н. 
600 1 |a Крузе  |b А. И. 
600 0 |a Петр Великий  |d I  |f 1672-1725  |c российский царь из династии Романовых (1682-1725)  |c первый российский император  |2 stltpush  |3 (RuTPU)RU\TPU\pers\365 
600 1 |a Казарский  |b А. И.  |c офицер российского военно-морского флота  |c капитан 1-го ранга  |f 1798-1833  |g Александр Иванович  |2 stltpush  |3 (RuTPU)RU\TPU\pers\22341  |9 9502 
600 1 |a Миклухо-Маклай  |g Николай Николаевич  |c русский этнограф  |f 1846-1888  |b Н. Н.  |2 stltpush  |3 (RuTPU)RU\TPU\pers\337 
610 1 |a Русский военно-морской флот 
610 1 |a Моряки в России 
610 1 |a Исторические романы и рассказы 
675 |a Р2  |z rus 
700 1 |a Шигин  |b В. В.  |g Владимир Виленович  |4 070 
702 1 |a Кобзев  |b В. В.  |4 440 
801 0 |a RU  |b RuMRKP  |c 19950417  |g psbo 
801 1 |a RU  |b 63413507  |c 20090206  |g PSBO 
801 2 |a RU  |b 63413507  |c 20090206  |g PSBO 
942 |c BK